Vocabulario jurd̕ico latino

Detalles Bibliográficos
Formato: eBook
Lenguaje:español
Publicado: [s.l.] : Editorial vLex, 2012
Materias:
Acceso en línea:Acceso restringido

MARC

LEADER 00000nam a22000007a 4500
005 20120917155810.0
007 cr|||| ||||
008 120917s2012 ea |||||s|||| 00||0 spa d
035 |a 6694 
040 |a vLex 
090 |c 3421  |d 3421 
245 0 0 |a Vocabulario jurd̕ico latino  |h [Recurso electrn̤ico] 
256 |a Servicio en ln̕ea 
260 |a [s.l.] :  |b Editorial vLex,  |c 2012 
300 |a 1 recurso electrn̤ico 
506 1 |a Contenido solo disponible en los productos indicados  |d vLex Global   |d vLex Global (Academic Edition, excluding Law Schools)   |d vLex Global (U.S. Academic Edition, Law Schools)   |d vLex Global (U.S. Academic Edition, excluding Law Schools)   |d vLex Global (Academic Edition, Law Schools)  
650 0 4 |a Enciclopedias y diccionarios 
740 0 |a vLex Libros (Servicio en ln̕ea) 
856 4 0 |u http://vlex.com/source/vocabulario-juridico-latino-6694  |z Acceso restringido 
942 |c BOOK 
999 0 |a Encyclopedias and dictionaries